000 00769cab a2200265 4500
001 WB3232-16
008 090401t1996 xxu||||| |||| 00| 0 eng d
035 _a(Sirsi) u73696
041 _aeng
245 _aObselete offices find a saviour
260 _c1996
350 _a0
490 _aIndependent
_v26 August 1996, 15(1)
520 _aCordless information technology could mean that obselete 1960s office blocks once again become profitable office space.
650 _a1960S BUILDINGS
650 _aCORDLESS INFORMATION TECHNOLOGY
650 _aMORGAN LOVELL
650 _aNEW TECHNOLOGY
650 _aOFFICE BLOCKS
650 _aOFFICE SPACE
650 _aOFFICES
690 _aPROPERTY-COMMERCIAL PROPERTY
942 _n0
948 _c04/03/1997
999 _c46533
_d46533